• 首页
  • 本馆介绍
  • 公告通知
  • 最新文献
  • 馆藏检索
  • 电子资源
  • 读者导购
  • 参考咨询
  • 我的图书馆
  • 登录
  • 详细信息显示
  • 放入我的书架
  • 预约/预借图书
  • 作者相关作品
  • 分类相关作品
  • 丛书相关作品
  • 出版社相关作品

书目信息

  • 表格格式
  • 工作单格式
  • 卡片格式
题名:
数学模型在生态学的应用及研究
    
 
作者: 杨东方 , 陈豫 编著
分册: 23  
出版信息: 北京   海洋出版社  2013.05
页数: 295页
开本: 26cm
丛书名:
单 册:
中图分类: Q141
科图分类:
主题词: 数学模型--应用--生态学--研究 , 数学模型 , 生态学
电子资源:
ISBN: 978-7-5027-8517-8
000 01246nam0 2200289 450
001 005997278
005 20140609083846.57
010    @a978-7-5027-8517-8@dCNY60.00
100    @a20130524d2013 em y0chiy0110 ea
101 0  @achi
102    @aCN@b110000
105    @aak z 000yy
106    @ar
200 1  @a数学模型在生态学的应用及研究@9shu xue mo xing zai sheng tai xue de ying yong ji yan jiu@dThe application and research of mathematical model in ecology@h23@f杨东方,陈豫编著@zeng
210    @a北京@c海洋出版社@d2013.05
215    @a295页@c图@d26cm
330    @a本书介绍各种各样的数学模型在生态学不同领域的应用,如在地理、地貌、水文和水动力,以及环境变化、生物变化和生态变化等领域的应用。阐述了数学模型建立的背景、数学模型的组成和结构以及其数学模型应用的意义。
333    @a适合气象学、地质学、海洋学、环境学等有关领域的科学工作者和相关学科的专家参阅,也适合高等院校师生作为教学和科研的参考
510 1  @aApplication and research of mathematical model in ecology@h23@zeng
606 0  @a数学模型@x应用@x生态学@x研究
606 0  @a数学模型
606 0  @a生态学
690    @aQ141@v5
701  0 @a杨东方@9yang dong fang@4编著
701  0 @a陈豫@9chen yu@4编著
801  0 @aCN@b人天书店@c20130524
905    @b548263-65@dQ141@e170@f3
    
    数学模型在生态学的应用及研究=The application and research of mathematical model in ecology.23/杨东方,陈豫编著.-北京:海洋出版社,2013.05
    295页:图;26cm
    使用对象:适合气象学、地质学、海洋学、环境学等有关领域的科学工作者和相关学科的专家参阅,也适合高等院校师生作为教学和科研的参考
    
    ISBN 978-7-5027-8517-8:CNY60.00
    本书介绍各种各样的数学模型在生态学不同领域的应用,如在地理、地貌、水文和水动力,以及环境变化、生物变化和生态变化等领域的应用。阐述了数学模型建立的背景、数学模型的组成和结构以及其数学模型应用的意义。
●
相关链接 在E读中查询图书 在五车中查询图书 在当当中查询图书 在豆瓣中查询图书


正题名:数学模型在生态学的应用及研究     索取号:Q141/170         预约/预借

序号 登录号 条形码 馆藏地/架位号 状态 备注
1 548263   205482636   第二样本阅览室/ [索取号:Q141/170] 在馆    
2 548264   205482645   第三借阅区/ [索取号:Q141/170] 在馆    
3 548265   205482654   第三借阅区/ [索取号:Q141/170] 在馆    
唐山师范学院图书馆 欢迎您!
大连网信软件有限公司© 版权所有